000 00566nam a22001817a 4500
010 _aENG-119663
020 _a8187416602
_c650.00
035 _aEN-103195
037 _bDBAD/PUB
082 _a301.153
100 _aMaurya, O.P.
245 _aBapu's crusade for social change /
_cby Shruti Upadhaya
_b
260 _aNew Delhi
_bAlokparv Prakashan
_c2016
270 _a1/16588, East Rohtas Nagar Shahdara,
_bNew Delhi
_e110032
300 _a180p.
_c22cm(Hb)
500 _aIncludes bibliographical references
942 _2ddc
_cEN
_h301.153
_mMAU
999 _c143541
_d143541